000 02316nam a22002657a 4500
008 130821s2007 xxua gr eng
020 _a0387365370
020 _a9780387365374
040 _aCo-BoUCM
_bspa
041 0 0 _aeng
130 0 _aDonne e mafie.
_lEnglish
_9171212
245 1 0 _aWomen and the mafia [female roles in organized crime structures]
_ceditores Giovanni Fiandaca ; [traducción Jackson].
260 _aNueva York (Estados Unidos)
_bSpringer
_cc2007
300 _avii, 308 páginas
_bilustraciones
490 1 _aStudies in organized crime
_vv. 5
504 _aIncluye refeerncias bibliográficas e índice.
505 0 _aIntroduction / Giovanni Fiandaca -- pt. 1. A history of women in the mafia. Doing it for themselves or standing in for their men? Women in the Neapolitan Camorra (1950-2003) / Felia Allum -- Mafia women: the affirmation of a female pseudo-subject. The case of the 'Ndrangheta / Renate Siebert -- Women in the 'Ndrangheta: the Serraino-Di Giovine case / Ombretta Ingrascì -- Women in the Sacra Corona Unita / Monica Massari and Cataldo Motta -- Symbolic domination and active power: female roles in criminal organizations / Alessandra Dino -- Women in mafia organizations / Franco Di Maria and Girolamo Lo Verso -- Women and other mafia-type criminal organizations / Ernesto Savona and Gioacchino Natoli -- Female visibility in the mafia world: press review 1980 to 2001 / Alessandra Dino ... [et al.] -- pt. 2. An international comparison. Women in organized crime in Albania / Fitore Paluca Belay -- Women in organized crime in Argentina / Adriana Rossi -- Women in organized crime in Brazil / Denise Frossard -- Women in organized crime in Japan / Ryu Otomo -- Women in organized crime in Germany / Eva Maria Kallinger -- Women in organized crime in Russia / Yakov Gilinsky -- Women in organized crime in the United States / Clare Longrigg -- pt. 3. Conclusion. The reasoning behind the research: an evaluation of the results / Teresa Principato.
650 0 4 _aCrimen organizado
_xMujeres
_912141
650 0 4 _aMafia
_918862
650 0 4 _aProblemas sociales
_922324
700 1 _aFiandaca, Giovanni.
_9164224
830 0 _aStudies of organized crime
_vv. 5.
_9160642
942 _cLIBRO
_a6
_e1
_mW872
_2DEWEY
_h364.1066082
999 _c89007
_d89007